000 00299nam a2200133Ia 4500
008 150301s2015 xx 000 0 und d
082 _a615.4
_bP12M
100 _aMOHANTA, G.P
245 _aPHYSICAL PHARMACY
260 _bPHARMA MED PRESS
300 _a108
650 _aPHARMACY
942 _2ddc
_cBK
999 _c7328
_d7328